Aakkosketju - Statistics

Yleistilastot
  • Tätä visaa on pelattu 23 kertaa
  • Keskiarvotulos 14 / 29
Vastaustilastot
Vihje Vastaus % Oikein
Saarivaltio Haiti
95%
Valtio Qatar
95%
Vincent van _ Gogh
89%
_ shui Feng
84%
Miljardisosa Nano
84%
Soijamaidosta valmistettu proteiininlähde Tofu
84%
"Vaha" englanniksi Wax
84%
"Keiju" englanniksi, "yksitoista" saksaksi Elf
79%
Säteily, ihmissilmälle näkymätön UV
79%
"Valkoinen" ranskaksi Blanc
68%
Pääkaupunki Kabul
63%
Monen faaraon nimi Ramses
63%
42195 m Maraton
58%
"Röntgensäde" englanniksi X-Ray
58%
Jumalaisen näytelmän (Divina Commedia) kirjoittaja Dante
53%
Auto VW
47%
New Yorkin lentokentän IATA-koodi JFK
42%
Intian klassinen sivistyskieli Sanskrit
42%
Raamatun kuningas ja Moby Dick -kirjan kapteeni Ahab
37%
"Kaupunki" espanjaksi Ciudad
32%
"Vuosittainen essee" ruotsiksi (2 sanaa, 9 kirjainta) Årlig essä
16%
_ ipsum Lorem
16%
Synonyymi vokaalille Ääntiö
11%
Vesialue Hollannissa IJ
11%
Entinen kunta, nykyään osa Kokkolaa Öja
11%
Tanssi One-step
11%
"Hölmö" jiddišiksi tai kylä Ranskassa lähellä Luxemburgia Yutz
5%
"Tosi nopeasti" englanninkielisenä lyhenteenä PDQ
0%
Hahmo World of Warcraft -pelissä
0%
Ehtoja vastaavia visoja ei löytynyt
Tulosjakauma
Jokaisen tuloksen saaneiden osuus
Persentiili vastausten määrän mukaan
Tuloshistoriasi
Et ole pelannut tätä visaa